000 00422nam a22001577a 4500
003 LK-CoMWRAF
005 20240216235912.0
008 231210b |||||||| |||| 00| 0 eng d
040 _aLK-CoMWRAF
_dLK-CoMWRAF
_eLK-CoMWRAF
041 _atam
082 _a297.577
_bEMA
245 _aஎமது வழி
260 _aColombo :
_bMuslim Women's Research and Action Forum - MWRAF,
_c2014
300 _a15 p.
942 _cBK
999 _c4334
_d4334